000 01336nam a2200373Ia 4500
005 20220317001755.0
008 170328s2013 m a g 000 f s
020 _a9786077661566
041 _aspa
100 1 _aMalpica, Toño
_d1967-
245 1 4 _aLos mil años de Pepe Corcueña
_cToño Malpica ; ilustración Amira Aranda
250 _aSegunda edición
300 _a102 páginas
_bilustraciones en blanco y negro
_c20 cm
490 _aEcos de tinta
500 _aIncluye datos biográficos del autor e ilustradora
521 _aRecomendado desde los 12 años
650 1 4 _2LEMB
_aNovela juvenil mexicana
_ySiglo XX
650 1 4 _2LEMB
_aLiteratura juvenil mexicana
_ySiglo XX
650 1 4 _2LEMB
_aAnimales en la literatura
650 1 4 _2LEMB
_aImaginación en la literatura
650 1 4 _2LEMB
_aSecuestro en la literatura
650 1 4 _2LEMB
_aNiños en la literatura
650 1 4 _2LEMB
_aSolidaridad en la literatura
650 1 4 _2LEMB
_aTolerancia en la literatura
650 1 4 _2LEMB
_aMaltrato en la literatura
700 1 _aAranda, Amira
_d1983-
_eilustradora
_9101035
942 _2loc
_cBKLIT
264 _aMéxico
_bEl Naranjo
_c2013
336 _atexto
_btxt
_2rdacontent
337 _asin mediación
_bn
_2rdamedia
338 _avolumen
_bnc
_2rdacarrier
040 _aCO-BoRNBP
_bspa
_erda
_cCO-BoRNBP
084 _aN MAL7
999 _c8044
_d8044